| 000 | 00356nam a2200121 4500 | ||
|---|---|---|---|
| 999 |
_c514995 _d514995 |
||
| 082 | _aTNC K95 J258 | ||
| 100 |
_aJanki, Dadi _920031 |
||
| 245 | _a365 days of wisdom: daily messages to inspire you through the year | ||
| 260 |
_aWinchester _bBKIS _c2011 |
||
| 300 | _a370p. | ||
| 650 |
_aSpirituality _920091 |
||
| 650 |
_aSelf-actualization (Psychology) _920092 |
||